000 00311nam a22001337a 4500
008 170830b xxu||||| |||| 00| 0 eng d
020 _a9780761924296
041 _aeng
080 _22 ED
_a070
100 _a40
101 _aMED
245 _aAUQLITATIVE RESEARCH WRITING
_cWOLCOT.H.F
942 _2udc
_cBK
999 _c25618
_d25618